|
|
|
|
| LEADER |
00593cam a2200181 7i4500 |
| 001 |
0000007134 |
| 005 |
19991102090000.0 |
| 002 |
##000002292 |
| 020 |
0 |
0 |
|a T000002297
|
| 090 |
0 |
0 |
|a 00.07 70 036
|b BUS
|
| 245 |
0 |
4 |
|a The Business who's who products and tradenames guide-1990 :
|b Australia's purchasing reference.
|
| 250 |
0 |
0 |
|a 11th ed.
|
| 260 |
0 |
0 |
|a Victoria:
|b Riddel Publishing,
|c 1990.
|
| 300 |
0 |
0 |
|a p.
|
| 650 |
0 |
0 |
|a Trade --
|x Directories --
|z Australia
|
| 650 |
0 |
0 |
|a Australia --
|x Manufactures --
|x Directories
|
| 651 |
0 |
0 |
|a Australia
|
| 999 |
|
|
|a 0000003704
|b Book
|c Reference
|e Business Information Centre
|